| 000 | 00866nam a2200217 a 4500 | ||
|---|---|---|---|
| 003 | OSt | ||
| 005 | 20130926193412.0 | ||
| 008 | 130926s1987 ag ||||| |||| 00| 0 spa d | ||
| 040 | _cBiblioteca Medicina | ||
| 041 | _aspa | ||
| 082 | _bMINIST. DE SALUD 0293 | ||
| 110 |
_aMinisterio de Educacion y Justicia _92611 |
||
| 245 | 0 | 4 | _aLas Instituciones de Salud en la Argentina, desarrollo y crisis |
| 250 | _a1ยบ ed. | ||
| 260 |
_aBuenos Aires _bMinisterio de Educacion y Justicia; Secretaria de Ciencia y Tecnica _c1987 |
||
| 300 | _a116 p. | ||
| 653 | _aINSTITUCIONES DE SALUD-INVESTIGACION | ||
| 942 |
_2ddc _cPH |
||
| 999 |
_c1688 _d1688 |
||
| 952 |
_40 _00 _bBFM _10 _oMINIST. DE SALUD 0293 _d2013-09-26 _tEj. 1 _8NFIC _70 _cCR _2ddc _yPH _aBFM |
||
| 952 |
_40 _00 _bBFM _10 _oMINIST. DE SALUD 0293 _d2013-09-26 _tEj. 2 _8NFIC _70 _cCR _2ddc _yPH _aBFM |
||